000 00393nam a2200145Ia 4500
008 230917s9999||||xx |||||||||||||| ||und||
040 _e49273
_aMAIN
041 _aEnglish
082 _a954.01 D138M
100 _aDahlquist, Allan
245 0 _aMegasthenes and Indian religion: a study in motives and types
260 _aDelhi
_bMotilal Banarsidass
_c1977
300 _a315 p.
942 _cBK
999 _c186809
_d186809